| 000 | 00534nam a22001697a 4500 | ||
|---|---|---|---|
| 999 |
_c57678 _d57678 |
||
| 005 | 20201109123433.0 | ||
| 008 | 200902s2017 enk||||| |||| 00| 0 eng d | ||
| 041 | _ageo | ||
| 080 | _a811.111.1(075.8) J-22 | ||
| 100 |
_aJames, Ph. _99391 |
||
| 245 |
_aCLOSE-UP B1 : _bENGLISH IN USE Teacher's book / _cPh. James, |
||
| 264 |
_cAndover : _acengage learning, _b2017. |
||
| 300 |
_a148 p. _b30 cm. |
||
| 653 | _aინგლისური ემა | ||
| 653 | _aმასწავლებლის წიგნი | ||
| 942 |
_2udc _cBK |
||